Central Library OPAC University of Rajshahi

Basic technical mathematics with calculus / (Record no. 66887)

MARC details
000 -LEADER
fixed length control field 00662nam a2200229 a 4500
001 - CONTROL NUMBER
control field 66887
003 - CONTROL NUMBER IDENTIFIER
rucl marc code BD-RjUL
005 - DATE AND TIME OF LATEST TRANSACTION
control field 20211209081605.0
008 - FIXED-LENGTH DATA ELEMENTS--GENERAL INFORMATION
fixed length control field 170320s1984 caua 001 0 eng d
020 ## - INTERNATIONAL STANDARD BOOK NUMBER
International Standard Book Number 053403151X
035 ## - SYSTEM CONTROL NUMBER
System control number (BD-RjUL)67018
040 ## - CATALOGING SOURCE
Original cataloging agency DLC
Transcribing agency DLC
Modifying agency DLC
-- BD-RjUL
Language of cataloging eng
041 ## - LANGUAGE CODE
Language code of text/sound track or separate title eng
082 00 - DEWEY DECIMAL CLASSIFICATION NUMBER
Classification number 510
Author mark and year KUB 1984
Edition number 23
100 1# - MAIN ENTRY--PERSONAL NAME
Personal name Kuhfittig, Peter K F
9 (RLIN) 21762
245 10 - TITLE STATEMENT
Title Basic technical mathematics with calculus /
Statement of responsibility, etc. Peter K F Kuhfittig
260 ## - PUBLICATION, DISTRIBUTION, ETC. (IMPRINT)
Place of publication, distribution, etc. Monterey, Calif. :
Name of publisher, distributor, etc. Brooks/Cole Pub. Co.,
Date of publication, distribution, etc. 1984.
300 ## - PHYSICAL DESCRIPTION
Pagination xxiii, 935 p. :
Illustrations ill. ;
Size 25 cm.
504 ## - BIBLIOGRAPHY, ETC. NOTE
Bibliography, etc Includes index.
650 #0 - SUBJECT ADDED ENTRY--TOPICAL TERM
Topical term or geographic name as entry element Mathematics.
9 (RLIN) 21763
942 ## - ADDED ENTRY ELEMENTS (KOHA)
Source of classification or shelving scheme Dewey Decimal Classification
Koha item type Books
Holdings
Lost status Source of classification or shelving scheme Damaged status Not for loan Collection code Permanent Location Current Location Shelving location Date acquired Source of acquisition Total Checkouts Full call number Date last seen Copy number Koha item type
  Dewey Decimal Classification   Not For Loan Non-fiction Central Library, University of Rajshahi Central Library, University of Rajshahi Reading Room 26/05/1991 Asia Foundation   510 KUB 1984 20/03/2017 C-1 Books